Sericulture: (Record no. 203121)

MARC details
000 -LEADER
fixed length control field 00662nam a22001937a 4500
005 - DATE AND TIME OF LATEST TRANSACTION
control field 20240521154141.0
010 ## - LCCN (DPL NO)
LC control number ENG-140431
020 ## - INTERNATIONAL STANDARD BOOK NUMBER
International Standard Book Number 9789390434398
Terms of availability 750.00
035 ## - SYSTEM CONTROL NUMBER
System control number EN-123963
037 ## - SOURCE OF ACQUISITION
Source of stock number/acquisition DBAD
082 ## - DEWEY DECIMAL CLASSIFICATION NUMBER
Classification number 638.1095451
100 ## - MAIN ENTRY--PERSONAL NAME
Personal name Kalita, Tarali
245 ## - TITLE STATEMENT
Title Sericulture:
Remainder of title with Special Reference to Assam/
Statement of responsibility, etc Edited by Tarali Kalita
260 ## - PUBLICATION, DISTRIBUTION, ETC. (IMPRINT)
Place of publication, distribution, etc Assam
Name of publisher, distributor, etc EBH Publishers, an imprint of Eastern Book House
Date of publication, distribution, etc 2022
270 ## - ADDRESS
Address 136, M.L. Nehru Road, Panbazar, Guwahati
City Assam
Postal code 781001
300 ## - PHYSICAL DESCRIPTION
Extent xvi, 172 p.
Dimensions 23cm, (pb}
Other physical details pictures
700 ## - ADDED ENTRY--PERSONAL NAME
Personal name Kalita, Tarali
9 (RLIN) 66297
Relator term Editors
942 ## - ADDED ENTRY ELEMENTS (KOHA)
Source of classification or shelving scheme Dewey Decimal Classification
Item type English Books
Classification part 638.1095451
Call number suffix KAL
Holdings
Withdrawn status Lost status Not for loan Collection code Home library Current library Date acquired Source of acquisition Cost, normal purchase price Full call number Barcode Copy number Cost, replacement price Koha item type
      Non-fiction Bawana Bawana 21/05/2024 DBAD 750.00 638.1095451 KAL EN-123963 1 750.00 English Books

© Delhi Public Library
Hit Counter
free hit counter